000 00429nam a22001577a 4500
005 20170124093501.0
008 170124b xxu||||| |||| 00| 0 eng d
020 _a9694690625
040 _cPK-LaUMT
082 _a297.4
_bLAT-T
100 _aلطیف اللہ
245 _aتصوف اور سریت/
_cلطیف اللہ
260 _aلاہور:
_bادارہ ثقافت اسلامیہ،
_c2014
300 _a274 ص
942 _cBK
999 _c90389
_d90389